| 000 | 00522cam a2200205ua 4500 | ||
|---|---|---|---|
| 020 | _cRs. 6.00 | ||
| 041 |
_aeng _h |
||
| 082 |
_a621.3 _bKAS/BA |
||
| 100 | _aKasatkin, A . | ||
| 245 |
_aBasic electrical engineering / _cM Perekalis. _hTextual Documents |
||
| 250 |
_a1 / _b. |
||
| 260 |
_aMoscow : _bForeign Language Publishing House , _c1960. |
||
| 300 | _a388 ; . | ||
| 365 | _aRs. 6.00 | ||
| 504 | _a | ||
| 700 | 1 | _aPerekalin, M . | |
| 700 | 1 | _aPerekalis, M . | |
| 942 | _cBK | ||
| 999 |
_c1441 _d1441 |
||